Villes de France en charades 2 - Statistiques

Statistiques générales
  • Ce quiz a été pris 103 fois
  • Le résultat moyen est 9 sur 11
Statistiques - réponses
Hint Réponse % Correct
Mon premier est le contraire de rien Mon second le contraire de court Mon tout est le chef lieu du Var Toulon
98%
Mon premier est le verbe nier à la première personne du singulier au présent de l'indicatif Mon second est la couleur de la médaille du vainqueur Mon tout est une ville des deux Sèvres Niort
94%
Mon premier est le contraire de légerMon second est le chiffre qui vient après 1 Mon tout est une ville célèbre pour ses apparitions mariales Lourdes
88%
Mon premier est le féminin de beauMon second le contraire de faible Mon tout une ville et un territoire devenu département Belfort
84%
Mon premier peut être plate où pétillante Mon second est les griffes des rapaces Mon tout est une ville bourguignonne Auxerre
83%
Mon premier est un métal précieux Mon second vit avec dieu Mon tout est un fruit une couleur mais aussi une ville du vaucluse Orange
81%
Mon premier peut être rond roulé où claudine Mon second est un petit étang où traînent les canard Mon tout est le chef lieu du bas Rhin Colmar
80%
Mon premier est le contraire de laid Mon second peut être de cabestan de cravate où papillon Mon tout est une ville bourguignonne célèbre pour ses vins Beaune
77%
Mon premier peut être de carte de Versailles où de la LoireMon second est une préparation culinaire à base de farine et de beurre Mon tout est le chef lieu de l'Indre Châteauroux
68%
Mon premier est le verbe lier à la première personne du singulier au présent de l'indicatif Mon second le pluriel d'œil Mon tout une ville normande Lisieux
68%
Mon premier est le contraire de face Mon second est synonyme de citée Mon tout est l'une des premières stations balnéaires de France Deauville
38%
Aucun quiz correspondant
Distribution des résultats
% des personnes avec chaque résultat
Percentile par nombre de réponses
Votre historique - résultats
Vous n’avez pas pris ce quiz